[Event "Women's Speed Chess Q2"]
[Site "chess.com INT"]
[Date "2020.06.19"]
[Round "7"]
[White "Zhukova, Natalia"]
[Black "Chumpitaz, Ann"]
[Result "1-0"]
[WhiteTitle "GM"]
[BlackTitle "WIM"]
[WhiteElo "2328"]
[BlackElo "2244"]
[WhiteFideId "14101513"]
[BlackFideId "3804178"]
[EventDate "2020.06.19"]

1. c4 Nf6 2. Nc3 g6 3. e4 d6 4. d4 Bg7 5. f4 O-O 6. Nf3 c5 7. d5 e6 8. dxe6 Bxe6
9. Bd3 Nc6 10. f5 Bc8 11. O-O gxf5 12. exf5 Ne5 13. Nxe5 dxe5 14. Be3 b6 15. Be4
Nxe4 16. Nxe4 Qxd1 17. Raxd1 f6 18. Rd6 Kf7 19. g4 Ke7 20. Rfd1 h5 21. h3 hxg4
22. hxg4 Rg8 23. Kf2 Rb8 24. g5 Bxf5 25. gxf6+ Ke8 26. Ng3 Bg4 27. fxg7 Bxd1 28.
Rxd1 Rxg7 29. Ne4 Ke7 30. Bg5+ Ke6 31. Ke3 Rd7 32. Rf1 Rf7 33. Rh1 Rg8 34. Rh6+ 1-0

[Event "Women's Speed Chess Q2"]
[Site "chess.com INT"]
[Date "2020.06.19"]
[Round "7"]
[White "Gunina, Valentina"]
[Black "Girya, Olga"]
[Result "1-0"]
[WhiteTitle "GM"]
[BlackTitle "WGM"]
[WhiteElo "2431"]
[BlackElo "2469"]
[WhiteFideId "4167570"]
[BlackFideId "4195752"]
[EventDate "2020.06.19"]

1. e4 c6 2. Nf3 d5 3. d3 dxe4 4. dxe4 Qxd1+ 5. Kxd1 Nf6 6. Nbd2 Ng4 7. Ke1 g6 8.
h3 Nf6 9. Bc4 Bg7 10. Ne5 O-O 11. Nd3 Nbd7 12. f3 Nb6 13. Bb3 a5 14. a4 Ne8 15.
Nc4 Nxc4 16. Bxc4 Nc7 17. c3 Rd8 18. Ke2 b5 19. Bb3 Be6 20. Bxe6 Nxe6 21. Be3
Rdb8 22. Rhd1 f5 23. exf5 gxf5 24. axb5 Rxb5 25. Ra4 Nc7 26. c4 Rb3 27. Bd2 Bxb2
28. Rb1 Rd8 29. Nxb2 Rdb8 30. Bc1 Ne6 31. Rba1 Nd4+ 32. Kf2 Rxb2+ 33. Bxb2 Rxb2+
34. Kg3 Ne2+ 35. Kh2 Nf4 36. R1a2 Rb3 37. Rxa5 e6 38. Ra7 Rb8 39. Rc7 Nd3 40.
Raa7 1-0

[Event "Women's Speed Chess Q2"]
[Site "chess.com INT"]
[Date "2020.06.19"]
[Round "7"]
[White "Enkhtuul, Altan-Ulzii"]
[Black "Franco Valencia, Angela"]
[Result "1/2-1/2"]
[WhiteTitle "WGM"]
[BlackTitle "WIM"]
[WhiteElo "2228"]
[BlackElo "2089"]
[WhiteFideId "4901444"]
[BlackFideId "4403070"]
[EventDate "2020.06.19"]

1. d4 Nf6 2. g3 c5 3. Bg2 e6 4. Nf3 Be7 5. O-O O-O 6. c3 Nc6 7. dxc5 Bxc5 8. Bg5
h6 9. Bxf6 Qxf6 10. Nbd2 d5 11. e4 Rd8 12. Qe2 d4 13. e5 Qe7 14. cxd4 Nxd4 15.
Nxd4 Bxd4 16. Nb3 Bb6 17. Rfd1 Rb8 18. Rxd8+ Qxd8 19. Rd1 Qc7 20. Rc1 Qe7 21. a4
a6 22. a5 Ba7 23. h3 Bd7 24. Rc7 Qb4 25. Rxd7 Qxb3 26. Kh2 Bc5 27. Qh5 Rf8 28.
Rxb7 Qc2 29. f4 Qf2 30. h4 Be3 31. Qf3 Qe1 32. Qf1 Qxa5 33. b4 Qa3 34. f5 exf5
35. Qxf5 Qa2 36. Kh3 Rd8 37. Rd7 Rxd7 38. Qxd7 Qe6+ 39. Qxe6 fxe6 40. Bb7 Bd2
41. Bxa6 Bxb4 42. Bc4 Kf7 43. Kg4 Be1 44. Kf4 Bd2+ 45. Kg4 g5 46. h5 Bc3 47. Kf3
Bxe5 48. g4 Kf6 49. Ke4 Bg3 50. Bd3 Be1 51. Bc4 Bg3 52. Be2 Ke7 53. Bb5 Bf4 54.
Ba4 Kd6 55. Be8 Ke7 56. Bg6 Kd6 57. Bf7 Ke7 58. Bg6 Bc1 59. Bh7 Bd2 60. Ke5 Bf4+
61. Ke4 Bc1 62. Bg8 Bf4 63. Kd4 Bc1 64. Ke5 Bb2+ 65. Ke4 Bc1 66. Bh7 Bb2 67. Kf3
Kd6 68. Ke4 Bc1 69. Bg8 Ke7 70. Bh7 1/2-1/2

[Event "Women's Speed Chess Q2"]
[Site "chess.com INT"]
[Date "2020.06.19"]
[Round "7"]
[White "Arakhamia-Grant, Ketevan"]
[Black "Sebag, Marie"]
[Result "0-1"]
[WhiteTitle "GM"]
[BlackTitle "GM"]
[WhiteElo "2380"]
[BlackElo "2438"]
[WhiteFideId "13600168"]
[BlackFideId "617822"]
[EventDate "2020.06.19"]

1. e4 c5 2. Nf3 d6 3. Bb5+ Nd7 4. O-O Nf6 5. Re1 a6 6. Bf1 b6 7. d3 Bb7 8. a4 g6
9. Nc3 Bg7 10. Bf4 O-O 11. Qd2 d5 12. e5 d4 13. Ne4 Nxe4 14. dxe4 e6 15. Bh6
Nxe5 16. Nxe5 Bxe5 17. Bxf8 Qxf8 18. f4 Bg7 19. Bc4 Rd8 20. Qd3 Qd6 21. Rf1 a5
22. Rae1 Qc6 23. b3 h6 24. Rf2 Kh7 25. f5 gxf5 26. exf5 e5 27. Bxf7 e4 28. Qh3
e3 29. Rf4 Qf6 30. Bg6+ Kh8 31. Rh4 Qg5 32. Rg4 Qf6 33. Rh4 Kg8 34. Rxh6 Bxh6
35. Qxh6 Rd7 36. Qh5 Rg7 37. Rf1 Be4 38. Qg4 Bxc2 39. Qf4 Re7 0-1

[Event "Women's Speed Chess Q2"]
[Site "chess.com INT"]
[Date "2020.06.19"]
[Round "7"]
[White "Solozhenkina, Elizaveta"]
[Black "Lahav, Michal"]
[Result "1-0"]
[WhiteTitle "WIM"]
[BlackTitle "WIM"]
[WhiteElo "2301"]
[BlackElo "2219"]
[WhiteFideId "34106615"]
[BlackFideId "2813742"]
[EventDate "2020.06.19"]

1. e4 e6 2. d4 d5 3. Nd2 Be7 4. Bd3 c5 5. dxc5 Nf6 6. Qe2 Nc6 7. Ngf3 O-O 8. O-O
a5 9. e5 Nd7 10. c4 Nxc5 11. cxd5 Qxd5 12. Bc4 Qd8 13. Rd1 Qc7 14. Nb3 b6 15.
Nbd4 Nxd4 16. Nxd4 Bb7 17. Bf4 Rfd8 18. Nb5 Qc6 19. f3 Na4 20. b3 Nc5 21. Rac1
Ba6 22. Nd6 Bxc4 23. Qxc4 Bxd6 24. exd6 Rac8 25. a3 Qd7 26. b4 axb4 27. axb4 Nb7
28. Qd4 Rxc1 29. Rxc1 f6 30. Qxb6 e5 31. Be3 Nxd6 32. Rd1 Qe7 33. Bc5 1-0

[Event "Women's Speed Chess Q2"]
[Site "chess.com INT"]
[Date "2020.06.19"]
[Round "7"]
[White "Vantika, Agrawal"]
[Black "Osmanodja, Filiz"]
[Result "1-0"]
[WhiteTitle "WIM"]
[BlackTitle "WGM"]
[WhiteElo "2286"]
[BlackElo "2293"]
[WhiteFideId "25050389"]
[BlackFideId "24633569"]
[EventDate "2020.06.19"]

1. d4 Nf6 2. c4 e6 3. g3 Bb4+ 4. Nd2 O-O 5. Bg2 d5 6. Nf3 dxc4 7. Qc2 c5 8. dxc5
Bxc5 9. O-O Nc6 10. Nxc4 Qe7 11. a3 b5 12. Nce5 Bb7 13. Nxc6 Bxc6 14. b4 Bxf3
15. Bxf3 Bd4 16. Bxa8 Bxa1 17. Bf3 Be5 18. Be3 Rd8 19. Rd1 Rxd1+ 20. Qxd1 Bb2
21. Qb3 Be5 22. Qd3 a6 23. Bc5 Qd7 24. Qe3 Bb2 25. Kg2 h6 26. h4 Nd5 27. Qb3 Bf6
28. Qd3 Bb2 29. h5 Qc6 30. e4 Nf6 31. Qd8+ Kh7 32. e5 Nd5 33. Be4+ g6 34. hxg6+ 1-0

[Event "Women's Speed Chess Q2"]
[Site "chess.com INT"]
[Date "2020.06.19"]
[Round "7"]
[White "Khomeriki, Nino"]
[Black "Shuvalova, Polina"]
[Result "1-0"]
[WhiteTitle "WGM"]
[BlackTitle "WGM"]
[WhiteElo "2319"]
[BlackElo "2454"]
[WhiteFideId "13603191"]
[BlackFideId "24171760"]
[EventDate "2020.06.19"]

1. d4 Nf6 2. c4 e6 3. Nf3 d5 4. Nc3 c5 5. cxd5 Nxd5 6. e4 Nxc3 7. bxc3 cxd4 8.
cxd4 Bb4+ 9. Bd2 Bxd2+ 10. Qxd2 O-O 11. Bc4 b6 12. O-O Bb7 13. d5 exd5 14. exd5
Nd7 15. Rad1 Rc8 16. Bb3 Nc5 17. Bc2 h6 18. Rfe1 Qd6 19. Nh4 Rfe8 20. Nf5 Qf6
21. d6 Rxe1+ 22. Qxe1 Rf8 23. d7 g6 24. Qe8 Nxd7 25. Qxd7 Ba8 26. Nxh6+ Kh7 27.
Qh3 Kg7 28. Ng4 Qg5 29. Qc3+ f6 30. h3 Rf7 31. Qe3 Qh5 32. Bb3 Rc7 33. Qf4 Rc6
34. Rd7+ 1-0

[Event "Women's Speed Chess Q2"]
[Site "chess.com INT"]
[Date "2020.06.19"]
[Round "7"]
[White "Harika, Dronavalli"]
[Black "Yip, Carissa"]
[Result "1-0"]
[WhiteTitle "GM"]
[BlackTitle "IM"]
[WhiteElo "2515"]
[BlackElo "2420"]
[WhiteFideId "5015197"]
[BlackFideId "2090732"]
[EventDate "2020.06.19"]

1. e4 e5 2. Nf3 Nc6 3. Nc3 Nf6 4. Bb5 Nd4 5. O-O Nxb5 6. Nxb5 d6 7. d4 exd4 8.
Qxd4 Be7 9. Re1 a6 10. Nc3 O-O 11. h3 h6 12. Bf4 Be6 13. Rad1 Nd7 14. Nd5 Bf6
15. Nxf6+ Qxf6 16. Qxf6 Nxf6 17. Nd4 Bd7 18. e5 dxe5 19. Bxe5 Nh7 20. Bxc7 Rfc8
21. Be5 Nf8 22. c3 b5 23. Bd6 Ng6 24. a3 Re8 25. Kh2 f6 26. Kg3 Kf7 27. h4 h5
28. f3 Rad8 29. Rxe8 Rxe8 30. Rd2 Bc8 31. Nb3 Be6 32. Nc5 Bc8 33. Bc7 Re7 34.
Bf4 Re1 35. Rd8 Re8 36. Rd6 a5 37. Rb6 Re2 38. Rxb5 a4 39. Rb4 Nxf4 40. Rxf4
Rxb2 41. Rxa4 Rc2 42. Ra7+ Kg6 43. Ne4 Ra2 44. a4 Bf5 45. a5 Ra3 46. Nd6 1-0

[Event "Women's Speed Chess Q2"]
[Site "chess.com INT"]
[Date "2020.06.19"]
[Round "7"]
[White "Hejazipour, Mitra"]
[Black "Dwilewicz, Katarzyna"]
[Result "1-0"]
[WhiteTitle "WGM"]
[BlackTitle "WFM"]
[WhiteElo "2300"]
[BlackElo "2120"]
[WhiteFideId "12505951"]
[BlackFideId "1148486"]
[EventDate "2020.06.19"]

1. Nf3 Nf6 2. d4 e6 3. Bg5 h6 4. Bh4 d6 5. Nbd2 g5 6. Bg3 Nh5 7. e4 Bg7 8. c3
Nc6 9. Bd3 Bd7 10. a4 Qe7 11. a5 a6 12. Qb3 O-O-O 13. Qc2 f5 14. h3 Nxg3 15.
fxg3 Rhf8 16. b4 fxe4 17. Nxe4 e5 18. d5 Nb8 19. g4 Qf7 20. c4 Qf4 21. O-O Qe3+
22. Kh1 Rf4 23. c5 dxc5 24. bxc5 Bb5 25. Bxb5 Qxe4 26. Bd3 Qxd5 27. Bf5+ Nd7 28.
Rfd1 Qc4 29. Qxc4 Rxc4 30. Rxd7 Rxd7 31. Rd1 Rd4 32. Nxd4 exd4 33. Rf1 Be5 34.
Re1 Bf6 35. Re8+ Bd8 36. Rh8 c6 37. Rh7 1-0

[Event "Women's Speed Chess Q2"]
[Site "chess.com INT"]
[Date "2020.06.19"]
[Round "7"]
[White "Voit, Daria"]
[Black "Juhasz, Barbara"]
[Result "0-1"]
[WhiteTitle "WGM"]
[BlackTitle "WIM"]
[WhiteElo "2343"]
[BlackElo "2223"]
[WhiteFideId "4182146"]
[BlackFideId "743585"]
[EventDate "2020.06.19"]

1. d4 Nf6 2. Nf3 g6 3. c4 Bg7 4. Nc3 O-O 5. Bg5 d6 6. e3 c5 7. h3 h6 8. Bh4 Qa5
9. Bd3 Nc6 10. d5 Nb4 11. Bb1 b5 12. cxb5 Nbxd5 13. Bxf6 Nxc3 14. Qd2 Bxf6 15.
Bd3 a6 16. Rc1 axb5 17. bxc3 Bb7 18. c4 Qxd2+ 19. Nxd2 b4 20. Rc2 Bxg2 21. Rh2
Bc6 22. Be4 Bxe4 23. Nxe4 Bg7 24. f4 Ra3 25. Rhe2 Rfa8 26. Kf2 f5 27. Ng3 Bf6
28. Kg2 Kf7 29. e4 e6 30. exf5 gxf5 31. Kh2 Bd4 32. Rg2 Rg8 33. Rcd2 Rf3 34.
Rde2 Rxf4 35. Nh5 Rxg2+ 36. Kxg2 Re4 37. Rd2 Be5 38. Kf3 Rd4 39. Rg2 Rxc4 0-1

[Event "Women's Speed Chess Q2"]
[Site "chess.com INT"]
[Date "2020.06.19"]
[Round "7"]
[White "Kashlinskaya, Alina"]
[Black "Vaishali, R"]
[Result "1-0"]
[WhiteTitle "IM"]
[BlackTitle "WGM"]
[WhiteElo "2494"]
[BlackElo "2393"]
[WhiteFideId "4198026"]
[BlackFideId "5091756"]
[EventDate "2020.06.19"]

1. d4 Nf6 2. c4 e6 3. Nf3 Bb4+ 4. Bd2 Qe7 5. Nc3 O-O 6. Rc1 c5 7. a3 Bxc3 8.
Bxc3 Ne4 9. e3 b6 10. Bd3 Bb7 11. O-O Nxc3 12. Rxc3 d6 13. b4 Nd7 14. bxc5 dxc5
15. Qe2 Rfd8 16. Rd1 Nf6 17. Ne5 Rac8 18. Bb1 Be4 19. Bxe4 Nxe4 20. Rcd3 Nf6 21.
Qf3 Qc7 22. h3 h6 23. g4 cxd4 24. exd4 Rd6 25. h4 Qe7 26. Qf4 Nd7 27. Nxf7 Rdc6
28. Ne5 Nxe5 29. dxe5 Rxc4 30. Qg3 Rc1 31. Kh2 Rxd1 32. Rxd1 Rd8 33. Rd6 Rf8 34.
g5 hxg5 35. hxg5 Rf5 36. f4 Qe8 37. Qd3 Qh5+ 38. Kg3 Qf7 39. Rd8+ Kh7 40. Qf3
Kg6 41. Rh8 Rxf4 42. Qh5+ Kf5 43. Qxf7+ Ke4 44. Qxf4+ 1-0

[Event "Women's Speed Chess Q2"]
[Site "chess.com INT"]
[Date "2020.06.19"]
[Round "7"]
[White "Tsukerman, Julia"]
[Black "Fominykh, Maria"]
[Result "0-1"]
[WhiteTitle "WCM"]
[BlackTitle "WGM"]
[WhiteElo "1523"]
[BlackElo "2206"]
[WhiteFideId "2621649"]
[BlackFideId "4142411"]
[EventDate "2020.06.19"]

1. e4 e6 2. d4 d5 3. exd5 exd5 4. Bd3 Be7 5. h3 Nf6 6. Nf3 O-O 7. O-O Nbd7 8.
Bf4 c5 9. c3 c4 10. Bc2 Re8 11. Re1 Nf8 12. Nbd2 Be6 13. Ne5 Rc8 14. Ndf3 Nh5
15. Bh2 g6 16. Nd2 Ng7 17. f4 f6 18. Nef3 f5 19. Ne5 Bh4 20. g3 Bf6 21. Ndf3 Nd7
22. Kg2 b5 23. Bg1 a5 24. Qd2 Qb6 25. Re2 b4 26. Rae1 bxc3 27. bxc3 Nf8 28. Rb1
Qc7 29. Ba4 Bd7 30. Nxd7 Nxd7 31. Rbe1 Re4 32. Qc1 Nb6 33. Bc2 Nh5 34. Bxe4 dxe4
35. Ne5 Nd5 36. Be3 Rb8 37. Rb2 Be7 38. Qc2 Ba3 39. Rxb8+ Qxb8 40. Bc1 Bxc1 41.
Qxc1 Qb5 42. Qc2 Nhf6 43. Kf2 e3+ 44. Kg2 Ne4 45. Rb1 Qe8 46. Nxc4 Nexc3 47. Re1
e2 48. Nd2 Ne3+ 0-1

[Event "Women's Speed Chess Q2"]
[Site "chess.com INT"]
[Date "2020.06.19"]
[Round "7"]
[White "Chirivi C, Angie Lizeth"]
[Black "Maklakova, Nellija"]
[Result "1-0"]
[WhiteTitle "WFM"]
[WhiteElo "1999"]
[BlackElo "1833"]
[WhiteFideId "4402421"]
[BlackFideId "11603470"]
[EventDate "2020.06.19"]

1. Nf3 e6 2. g3 d5 3. Bg2 c5 4. O-O Nc6 5. d4 Nf6 6. Nc3 Bd7 7. Re1 cxd4 8. Nxd4
Bc5 9. Nb3 Bb4 10. a3 Bxc3 11. bxc3 O-O 12. Nc5 Qc7 13. Bg5 Ne8 14. c4 f6 15.
Bc1 d4 16. c3 e5 17. Bd5+ Kh8 18. cxd4 Nxd4 19. Nxb7 Rb8 20. e3 Nf5 21. Rb1 Bc6
22. Be6 Nxe3 23. Bxe3 Rxb7 24. Rxb7 Bxb7 25. Qd7 Qxd7 26. Bxd7 Nd6 27. Bc5 Rd8
28. Be6 Ne4 29. Bxa7 Nd2 30. Rc1 Nf3+ 31. Kf1 g6 32. h4 Rd2 33. Be3 Ra2 34. c5
Bc6 35. Bxa2 1-0

[Event "Women's Speed Chess Q2"]
[Site "chess.com INT"]
[Date "2020.06.19"]
[Round "7"]
[White "Sukandar, Irine Kharisma"]
[Black "Matveeva, Olga"]
[Result "1-0"]
[WhiteTitle "IM"]
[BlackTitle "WIM"]
[WhiteElo "2413"]
[BlackElo "2171"]
[WhiteFideId "7101937"]
[BlackFideId "24107018"]
[EventDate "2020.06.19"]

1. d4 Nf6 2. Nf3 e6 3. g3 b6 4. Bg2 Bb7 5. O-O Be7 6. b3 O-O 7. Bb2 d5 8. Nbd2
Nbd7 9. Ne5 Nxe5 10. dxe5 Nd7 11. e4 c6 12. c4 Nc5 13. exd5 cxd5 14. b4 Nd3 15.
Bc3 Nxb4 16. a3 Nc6 17. cxd5 exd5 18. Nb3 Nb8 19. Qg4 Qc8 20. Qd4 Bc5 21. Qd2
Rd8 22. Rac1 Na6 23. Bb2 Qe6 24. Rfe1 Rac8 25. h4 h6 26. Kh2 Qg6 27. Bh3 Rc7 28.
f4 Re7 29. f5 Qh5 30. Bd4 Qf3 31. Rc3 Qh5 32. Nxc5 bxc5 33. Bf2 d4 34. g4 Red7
35. Rb3 Bd5 36. gxh5 Bxb3 37. f6 Rd5 38. Rg1 Rxe5 39. Rxg7+ Kf8 40. Qxh6 1-0

[Event "Women's Speed Chess Q2"]
[Site "chess.com INT"]
[Date "2020.06.19"]
[Round "7"]
[White "Gevorgyan, Maria"]
[Black "Divya, Deshmukh"]
[Result "1-0"]
[WhiteTitle "WGM"]
[BlackTitle "WIM"]
[WhiteElo "2228"]
[BlackElo "2305"]
[WhiteFideId "13300270"]
[BlackFideId "35006916"]
[EventDate "2020.06.19"]

1. e4 c5 2. Nc3 Nc6 3. Bb5 Nd4 4. Bc4 a6 5. a4 b6 6. Nge2 e6 7. O-O g6 8. Nxd4
cxd4 9. Ne2 Bg7 10. d3 Bb7 11. Bf4 d5 12. exd5 Bxd5 13. Bxd5 Qxd5 14. Ng3 Ne7
15. Ne4 O-O 16. Qd2 f5 17. Ng3 e5 18. Bh6 Bxh6 19. Qxh6 Rac8 20. Rac1 Rc7 21.
Rfe1 Rfc8 22. Qg5 Qd6 23. Re2 Kh8 24. h4 Nd5 25. h5 Nf4 26. Rd2 Qd5 27. f3 Qd8
28. Qh6 Qf8 29. Qg5 Qd8 30. Qxd8+ Rxd8 31. hxg6 hxg6 32. Re1 Rd5 33. Ne2 Ne6 34.
Nc1 Nd8 35. Nb3 Nf7 36. f4 exf4 37. Re8+ Kg7 38. Rf2 g5 39. Rfe2 Rdd7 40. R8e6
Rd6 41. Rxd6 Nxd6 42. Nxd4 Kf6 43. Re6+ Kf7 44. Rxd6 Ke7 45. Rxb6 Rd7 46. Nxf5+
Kf7 47. Rxa6 Rc7 48. c3 1-0

[Event "Women's Speed Chess Q2"]
[Site "chess.com INT"]
[Date "2020.06.19"]
[Round "7"]
[White "Vittal, Sanjana"]
[Black "Rivera, Ingris"]
[Result "1-0"]
[WhiteTitle "WFM"]
[BlackTitle "WIM"]
[WhiteElo "1961"]
[BlackElo "2249"]
[WhiteFideId "2097486"]
[BlackFideId "4402472"]
[EventDate "2020.06.19"]

1. e4 c5 2. Nc3 Nc6 3. Bb5 Nd4 4. Nf3 a6 5. Bd3 d6 6. O-O Bg4 7. Be2 Nxe2+ 8.
Qxe2 e5 9. d3 h6 10. h3 Be6 11. Nd2 Ne7 12. f4 exf4 13. Rxf4 Ng6 14. Rf1 Be7 15.
Nf3 O-O 16. e5 dxe5 17. Kh1 Bd6 18. Ne4 Rc8 19. b3 Bb8 20. Bb2 Qd7 21. Qe3 b6
22. a4 f5 23. Ned2 f4 24. Qe2 b5 25. Nxe5 Nxe5 26. Bxe5 Bxe5 27. Qxe5 Bxh3 28.
Rxf4 Rxf4 29. Qxf4 Rf8 30. Qg3 Be6 31. axb5 axb5 32. Ne4 c4 33. bxc4 bxc4 34.
dxc4 Bxc4 35. Re1 Kh8 36. Nc5 Qc6 37. Qe5 Bg8 38. c3 Bd5 39. Ne4 Bxe4 40. Rxe4
Rf1+ 41. Kh2 Qg6 42. Qe8+ Qxe8 43. Rxe8+ Kh7 44. Rc8 Rc1 45. c4 h5 46. c5 g5 47.
Kg3 Rc3+ 48. Kf2 g4 49. g3 Rc2+ 50. Ke3 Rc3+ 51. Kf4 Rf3+ 52. Kg5 Rxg3 53. Kxh5
Rc3 54. Kxg4 1-0

[Event "Women's Speed Chess Q2"]
[Site "chess.com INT"]
[Date "2020.06.19"]
[Round "7"]
[White "Maltsevskaya, Aleksandra"]
[Black "Khotenashvili, Bela"]
[Result "1/2-1/2"]
[WhiteTitle "WGM"]
[BlackTitle "GM"]
[WhiteElo "2272"]
[BlackElo "2458"]
[WhiteFideId "24174041"]
[BlackFideId "13602640"]
[EventDate "2020.06.19"]

1. e4 c6 2. Nc3 d5 3. d4 g6 4. h3 Bg7 5. e5 Nh6 6. Nf3 O-O 7. Bd3 f6 8. exf6
exf6 9. O-O Nf7 10. Ne2 Nd7 11. c4 dxc4 12. Bxc4 Nb6 13. Bb3 Kh8 14. Nf4 Nd6 15.
Nh4 Nd5 16. Nxd5 cxd5 17. Bxd5 Nb5 18. Bc4 Nxd4 19. Be3 Nc6 20. Qa4 Qa5 21. Qxa5
Nxa5 22. Bd5 Bd7 23. b4 Bc6 24. Bxc6 Nxc6 25. Bc5 Rfd8 26. Nf3 a6 27. Rad1 h5
28. a3 Kh7 29. Bb6 Rxd1 30. Rxd1 Re8 31. Rd7 Re7 32. Rd6 g5 33. Nd4 Nxd4 34.
Bxd4 Kg6 35. g4 hxg4 36. hxg4 Re4 37. f3 Re2 38. Rb6 Ra2 39. Rxb7 Rxa3 40. Kg2
Rd3 41. Bc5 Rd2+ 42. Kg3 Rd5 43. Rb6 a5 44. Rc6 axb4 45. Bxb4 Rd7 46. Bc3 1/2-1/2

[Event "Women's Speed Chess Q2"]
[Site "chess.com INT"]
[Date "2020.06.19"]
[Round "7"]
[White "Mammadova, Gulnar"]
[Black "Protopopova, Anastasiya"]
[Result "1-0"]
[WhiteTitle "IM"]
[BlackTitle "WFM"]
[WhiteElo "2382"]
[BlackElo "2192"]
[WhiteFideId "13403508"]
[BlackFideId "24172073"]
[EventDate "2020.06.19"]

1. e4 c6 2. d4 d5 3. e5 Bf5 4. Nd2 e6 5. Nb3 Nd7 6. Nf3 c5 7. dxc5 Nxc5 8. Nxc5
Bxc5 9. Bb5+ Kf8 10. O-O Ne7 11. a3 h6 12. b4 Bb6 13. Bb2 Rc8 14. Rc1 Qc7 15. c4
dxc4 16. Rxc4 Qd8 17. Rxc8 Qxc8 18. Nd4 Be4 19. Qe2 Bd5 20. Rc1 Qb8 21. Bd3 g6
22. Nb5 Nf5 23. Nd6 Kg7 24. Bxf5 gxf5 25. Qd3 Qd8 26. Nxf5+ exf5 27. e6+ f6 28.
Qxf5 Re8 29. Qg4+ Kh7 30. Qf5+ Kg7 31. Rd1 Bxe6 32. Rxd8 Bxf5 33. Rxe8 Kf7 34.
Rb8 Be4 35. Rh8 Kg6 36. Re8 f5 37. Re6+ Kh7 38. Kf1 h5 39. f3 Bd3+ 40. Ke1 h4
41. Re7+ Kg6 42. Rg7+ Kh5 43. Rxb7 Kg5 44. Be5 h3 45. gxh3 Kg6 46. Rg7+ 1-0

[Event "Women's Speed Chess Q2"]
[Site "chess.com INT"]
[Date "2020.06.19"]
[Round "7"]
[White "Fuentes Inzunza, Lesly"]
[Black "Belenkaya, Dina"]
[Result "0-1"]
[WhiteTitle "WFM"]
[BlackTitle "WGM"]
[WhiteElo "1840"]
[BlackElo "2297"]
[WhiteFideId "3408205"]
[BlackFideId "24142654"]
[EventDate "2020.06.19"]

1. d4 Nf6 2. Nf3 d5 3. g3 Bf5 4. Nh4 Be4 5. f3 Bg6 6. Nxg6 hxg6 7. Bg2 c5 8. c3
e6 9. O-O Nc6 10. Be3 cxd4 11. cxd4 Bd6 12. Bf2 g5 13. Nc3 a6 14. e4 Be7 15. e5
Nh5 16. Rc1 Qa5 17. a3 g6 18. Qd2 Ng7 19. Be3 Nf5 20. Ne2 Qxd2 21. Bxd2 Nfxd4
22. Nxd4 Nxd4 23. Rfe1 Kd7 24. Bc3 Nb3 25. Rcd1 Rac8 26. Bf1 Bc5+ 27. Kg2 Ke7
28. Bd3 b5 29. Bc2 d4 30. Bxb3 dxc3 31. bxc3 Bxa3 32. Ra1 Bb2 33. Rxa6 Bxc3 34.
Ra7+ Kf8 35. Rd1 Bxe5 36. Rdd7 Rh7 37. h3 Rg7 38. f4 gxf4 39. gxf4 Bf6 40. Rab7
g5 41. fxg5 Rxg5+ 42. Kf2 Rf5+ 43. Kg2 Bh4 44. Rd2 Rc3 45. Bc2 Rg5+ 46. Kh2 Rgg3
47. Rd8+ Kg7 48. Be4 Bxd8 0-1

[Event "Women's Speed Chess Q2"]
[Site "chess.com INT"]
[Date "2020.06.19"]
[Round "7"]
[White "Morris-Suzuki, Sophie"]
[Black "Nurmanova, Alua"]
[Result "1-0"]
[WhiteTitle "WFM"]
[BlackTitle "WFM"]
[WhiteElo "2043"]
[BlackElo "2026"]
[WhiteFideId "30922615"]
[BlackFideId "13729390"]
[EventDate "2020.06.19"]

1. e4 c5 2. Nf3 d6 3. d4 cxd4 4. Nxd4 Nf6 5. Nc3 a6 6. Bc4 e6 7. Bb3 b5 8. O-O
Be7 9. Qf3 Qb6 10. Be3 Qb7 11. Qg3 O-O 12. Bh6 Ne8 13. a3 Bd7 14. Kh1 Nc6 15.
Nxc6 Bxc6 16. Rae1 a5 17. f4 Kh8 18. Bg5 b4 19. axb4 axb4 20. Bxe7 Qxe7 21. Nb1
Qb7 22. Nd2 Rd8 23. f5 e5 24. f6 Nxf6 25. Rxf6 gxf6 26. Qh4 Qe7 27. Rf1 Rg8 28.
Nc4 Rg6 29. Ne3 Rdg8 30. Nf5 Qd7 31. Nh6 R8g7 32. Rxf6 Rxf6 33. Qxf6 d5 34. Nf5
Qxf5 35. Qxf5 Bb5 36. Qxe5 Bf1 37. g3 dxe4 38. Bxf7 h6 39. Qe8+ Kh7 40. Qxe4+
Kh8 41. Qe5 Kh7 42. Bd5 Bh3 43. Be4+ Kh8 44. Qe8+ Rg8 45. Qh5 Kg7 46. Qxh3 Re8
47. Qg4+ Kf8 48. Qf5+ 1-0

[Event "Women's Speed Chess Q2"]
[Site "chess.com INT"]
[Date "2020.06.19"]
[Round "7"]
[White "Efimenko, Maria"]
[Black "Chitlange, Sakshi"]
[Result "0-1"]
[WhiteTitle "WIM"]
[BlackTitle "WIM"]
[WhiteElo "2245"]
[BlackElo "2167"]
[WhiteFideId "14124327"]
[BlackFideId "35002899"]
[EventDate "2020.06.19"]

1. e4 c6 2. d4 d5 3. exd5 cxd5 4. Bd3 Nc6 5. c3 Nf6 6. h3 g6 7. Nf3 Bg7 8. O-O
Bf5 9. Bxf5 gxf5 10. Qe2 O-O 11. Ne5 Rc8 12. Nd2 e6 13. Ndf3 Ne4 14. Nxc6 Rxc6
15. Ne5 Rc8 16. Bf4 a6 17. f3 Nd6 18. Qf2 Nc4 19. Nd3 Kh8 20. b3 Nb6 21. Rac1
Nd7 22. Kh1 Rg8 23. Rfe1 Bf6 24. Re2 Bh4 25. g3 Bf6 26. Ne5 Nxe5 27. dxe5 Bg5
28. Qe3 Be7 29. Rd2 Bc5 30. Qe2 Qb6 31. b4 Be7 32. a4 Qc7 33. Rd4 Qc6 34. a5 Qa4
35. Kh2 Qb3 36. Qd3 Qa4 37. Qd2 Qc6 38. Qd3 Rc7 39. Qd2 Rgc8 40. Bg5 Qe8 41. Bh6
Rc4 42. Be3 Rxd4 43. Bxd4 Rc4 44. Qf4 Qc8 45. g4 fxg4 46. fxg4 Qg8 47. Rf1 Kg7 0-1

[Event "Women's Speed Chess Q2"]
[Site "chess.com INT"]
[Date "2020.06.19"]
[Round "7"]
[White "Yakimova, Mariya"]
[Black "Ovezdurdiyeva, Jemal"]
[Result "1-0"]
[WhiteTitle "WFM"]
[BlackTitle "WFM"]
[WhiteElo "2269"]
[BlackElo "2061"]
[WhiteFideId "34188859"]
[BlackFideId "14001888"]
[EventDate "2020.06.19"]

1. d4 Nf6 2. c4 g6 3. Nf3 Bg7 4. g3 O-O 5. Bg2 d6 6. O-O Nc6 7. Nc3 e5 8. d5 Ne7
9. e4 Ne8 10. Ne1 f5 11. Nd3 b6 12. b4 Nf6 13. Be3 Ng4 14. Bd2 f4 15. h3 Nh6 16.
gxf4 exf4 17. e5 dxe5 18. Qe2 f3 19. Bxf3 Bxh3 20. Bg2 Bxg2 21. Kxg2 Rf5 22. Ne4
Nf7 23. Rh1 Nd6 24. Ng3 Rf7 25. Rac1 Nef5 26. Nxe5 Re7 27. f4 Qe8 28. Nxf5 Nxf5
29. Bc3 Nd6 30. c5 bxc5 31. bxc5 Nf7 32. Rce1 Qd8 33. Qc4 Qe8 34. d6 cxd6 35.
cxd6 Rc8 36. Qb3 Rxe5 37. Bxe5 1-0